| 000 | 01309nam a2200265Ia 4500 | ||
|---|---|---|---|
| 003 | Ost | ||
| 005 | 20260416102356.0 | ||
| 008 | 260416s9999||||xx |||||||||||||| ||und|| | ||
| 040 | _cfsecg | ||
| 041 | _aara | ||
| 082 | _a336 | ||
| 100 |
_aعزوز، عائشة _eمؤلف |
||
| 245 | 0 |
_aمحاضرات في المالية العامة / _c عائشة عزوز |
|
| 260 |
_aالجزائر _bجامعة الجزائر3: كلية العلوم الإقتصادية، العلوم التجارية وعلوم التسيير _c2020 |
||
| 300 |
_a123 ورقة _bايضاحات _c30 سم |
||
| 504 | _aمراجع ص.125 | ||
| 520 | _aعموميات حول المالية العامة، النفقات العامة، الايرادات العامةالميزانية العامة للدولة، الرقابة المالية على النفقات العمومية، التهرب و الغش الضريبي | ||
| 653 | _aالايرادات والنفقات | ||
| 653 | _aالرقابة المالية | ||
| 653 | _aالضرائب-تهرب | ||
| 653 | _aالمالية العامة | ||
| 653 | _aالنفقات العامة | ||
| 710 |
_aجامعة الجزائر3: كلية العلوم الإقتصادية، العلوم التجارية وعلوم التسيير _eناشر علمي |
||
| 942 | _cHANDOUT | ||
| 999 |
_c41201 _d41201 |
||